| 000 | 01070cam a22003257a 4500 | ||
|---|---|---|---|
| 003 | CHAP | ||
| 005 | 20220329133945.0 | ||
| 008 | 971013s1984 r 00010 d | ||
| 010 | _a13222 | ||
| 011 | _a14194 | ||
| 035 | _a18267 | ||
| 040 | _cCHAP | ||
| 090 | _aFolleto 9618 | ||
| 100 | 0 | 0 |
_aGómez Garza, Rosa María. _949708 |
| 245 | 1 | 3 | _aEl cultivo del garbanzo blanco en el centro de Sinaloa |
| 260 |
_aCuliacán, Sin. : _bINIA. Campo Agrícola Experimental Valle de Culiacán, _c1984 |
||
| 300 |
_a32 p. _b: ilus. |
||
| 490 | 0 |
_aINIA. Folleto técnico _v; 4 |
|
| 590 |
_aBATCH-UPD _b10 _c20130110 _lUCH01 _h0129 |
||
| 590 |
_aBATCH-UPD _b10 _c20130110 _lUCH01 _h1748 |
||
| 590 |
_aBATCH-UPD _b10 _c20130409 _lUCH01 _h2124 |
||
| 590 |
_aBATCH-UPD _b10 _c20130410 _lUCH01 _h1127 |
||
| 590 |
_aBATCH-UPD _b10 _c20130914 _lUCH01 _h1526 |
||
| 590 |
_aCONVERSION _b10 _c20130109 _lUCH01 _h1309 |
||
| 650 | 1 | 4 |
_aGarbanzo. _945596 |
| 830 | 0 |
_aINIA. Folleto técnico _v; 4 _958463 |
|
| 901 | _aBK | ||
| 942 | _cFOLL | ||
| 949 |
_aFolleto 9618 _bBC _cFOLL _d-42658 _eTS1 _i18267 _mD _si |
||
| 999 |
_c13222 _d13222 |
||